{"text_format":"3","workbook":"xlsx","n_sheets":3,"sheets":["Übersicht","Preisspiegel","Bewertung"],"not_rendered":{"charts":1},"read":"whole","date_system":"1900"}

{"sheet":"Übersicht","index":0,"n_rows":32,"n_cols":6,"rows_kept":32,"merged":[[1,1,1,5],[2,1,2,5],[4,1,4,5],[5,2,5,5],[6,2,6,5],[7,2,7,5],[8,2,8,5],[9,2,9,5],[10,2,10,5],[12,1,12,5],[22,1,22,5],[23,2,23,5],[26,2,26,5],[28,1,28,5],[29,2,29,5],[30,2,30,5],[31,2,31,5]]}
[]
[null,"BAUOFFERTEN – ANGEBOTSSPIEGEL & ENTSCHEIDUNG"]
[null,"Angebote strukturiert erfassen · automatisch vergleichen · nachvollziehbar entscheiden"]
[]
[null,"PROJEKTDATEN"]
[null,"Projektbezeichnung:","Neubau Verwaltungsgebäude – Baulos 2"]
[null,"Projekt-Nr.:","BV-2026-0417"]
[null,"Bauherr / Auftraggeber:","Muster Immobilien GmbH"]
[null,"Erfasst durch:","M. Berg, Einkauf / Bauleitung"]
[null,"Angebote gültig bis:","31.03.2026"]
[null,"Stand:",{"$f":"TODAY()","v":"2026-09-02"}]
[]
[null,"ANGEBOTSVERGLEICH AUF EINEN BLICK"]
[null,"Kennzahl","Bieter A","Bieter B","Bieter C","Hinweis"]
[null,"Bietername",{"$f":"Preisspiegel!E4","v":"Bieter A"},{"$f":"Preisspiegel!G4","v":"Bieter B"},{"$f":"Preisspiegel!I4","v":"Bieter C"},"aus Preisspiegel"]
[null,"Angebotssumme netto",{"$f":"Preisspiegel!F19","v":{"v":495360.6,"d":"495,360.60 €"}},{"$f":"Preisspiegel!H19","v":{"v":490820,"d":"490,820.00 €"}},{"$f":"Preisspiegel!J19","v":{"v":505010,"d":"505,010.00 €"}},"nach Nachlass"]
[null,"zzgl. MwSt. 19 %",{"$f":"Preisspiegel!F20","v":{"v":94118.514,"d":"94,118.51 €"}},{"$f":"Preisspiegel!H20","v":{"v":93255.8,"d":"93,255.80 €"}},{"$f":"Preisspiegel!J20","v":{"v":95951.9,"d":"95,951.90 €"}},"Umsatzsteuer"]
[null,"Angebotssumme brutto",{"$f":"Preisspiegel!F21","v":{"v":589479.114,"d":"589,479.11 €"}},{"$f":"Preisspiegel!H21","v":{"v":584075.8,"d":"584,075.80 €"}},{"$f":"Preisspiegel!J21","v":{"v":600961.9,"d":"600,961.90 €"}},"Bruttopreis"]
[null,"Nutzwert-Score (0–10)",{"$f":"Bewertung!D12","v":{"v":8.605,"d":"8.6"}},{"$f":"Bewertung!E12","v":{"v":8.65,"d":"8.7"}},{"$f":"Bewertung!F12","v":{"v":8.565000000000001,"d":"8.6"}},"höher = besser"]
[null,"Rang",{"$f":"Bewertung!D13","v":2},{"$f":"Bewertung!E13","v":1},{"$f":"Bewertung!F13","v":3},"1 = bestes Angebot"]
[null,"Empfehlung",{"$f":"Bewertung!D14","v":""},{"$f":"Bewertung!E14","v":"✓ Empfohlen"},{"$f":"Bewertung!F14","v":""},"automatisch"]
[]
[null,"ENTSCHEIDUNG & WIRTSCHAFTLICHKEIT"]
[null,"Empfohlener Bieter:",{"$f":"INDEX(C15:E15,1,MATCH(MAX(Bewertung!D12:F12),Bewertung!D12:F12,0))","v":"Bieter B"}]
[null,"Bester Nutzwert-Score:",{"$f":"MAX(Bewertung!D12:F12)","v":{"v":8.65,"d":"8.7"}}]
[null,"Ersparnis ggü. teuerstem Angebot:",{"$f":"MAX(Preisspiegel!F19,Preisspiegel!H19,Preisspiegel!J19)-MIN(Preisspiegel!F19,Preisspiegel!H19,Preisspiegel!J19)","v":{"v":14190,"d":"14,190.00 €"}}]
[null,"Bemerkung / Vergabevermerk:","Preislich attraktivstes Angebot bei zugleich sehr guter Gesamtbewertung – Vergabe empfohlen."]
[]
[null,"LEGENDE"]
[null,null,"Eingabefeld – hier eigene Werte eintragen"]
[null,null,"Günstigster Preis / bester Wert (automatisch hervorgehoben)"]
[null,null,"Berechnetes Feld – nicht überschreiben"]

{"sheet":"Preisspiegel","index":1,"n_rows":21,"n_cols":13,"rows_kept":21,"merged":[[0,0,0,12],[1,0,1,12],[3,4,3,5],[3,6,3,7],[3,8,3,9],[15,0,15,4],[16,0,16,4],[17,0,17,4],[18,0,18,4],[19,0,19,4],[20,0,20,4]]}
["PREISSPIEGEL – ANGEBOTE JE POSITION ERFASSEN"]
["Einheitspreise (EP) je Bieter eingeben – Gesamtpreise (GP) und der günstigste Bieter werden automatisch ermittelt."]
[]
[{"$nulls":4},"Bieter A",null,"Bieter B",null,"Bieter C"]
["Pos.","Leistung / Gewerk","Menge","Einheit","EP (€)","GP (€)","EP (€)","GP (€)","EP (€)","GP (€)","Günstigster EP","Günstigster Bieter","Bemerkung"]
["1","Baustelleneinrichtung",1,"psch",{"v":18500,"d":"18,500.00 €"},{"$f":"C6*E6","v":{"v":18500,"d":"18,500.00 €"}},{"v":21000,"d":"21,000.00 €"},{"$f":"C6*G6","v":{"v":21000,"d":"21,000.00 €"}},{"v":17200,"d":"17,200.00 €"},{"$f":"C6*I6","v":{"v":17200,"d":"17,200.00 €"}},{"$f":"MIN(E6,G6,I6)","v":{"v":17200,"d":"17,200.00 €"}},{"$f":"IF(N(E6)+N(G6)+N(I6)=0,\"\",INDEX($E$4:$I$4,1,MATCH(MIN(E6,G6,I6),$E6:$I6,0)))","v":"Bieter C"}]
["2","Erdarbeiten & Aushub",850,"m³",{"v":42,"d":"42.00 €"},{"v":35700,"d":"35,700.00 €"},{"v":38,"d":"38.00 €"},{"v":32300,"d":"32,300.00 €"},{"v":45,"d":"45.00 €"},{"v":38250,"d":"38,250.00 €"},{"v":38,"d":"38.00 €"},"Bieter B"]
["3","Rohbau / Mauerwerk",420,"m²",{"v":145,"d":"145.00 €"},{"v":60900,"d":"60,900.00 €"},{"v":152,"d":"152.00 €"},{"v":63840,"d":"63,840.00 €"},{"v":138,"d":"138.00 €"},{"v":57960,"d":"57,960.00 €"},{"v":138,"d":"138.00 €"},"Bieter C"]
["4","Stahlbeton- & Betonarbeiten",180,"m³",{"v":320,"d":"320.00 €"},{"v":57600,"d":"57,600.00 €"},{"v":298,"d":"298.00 €"},{"v":53640,"d":"53,640.00 €"},{"v":335,"d":"335.00 €"},{"v":60300,"d":"60,300.00 €"},{"v":298,"d":"298.00 €"},"Bieter B"]
["5","Dachkonstruktion & Eindeckung",320,"m²",{"v":185,"d":"185.00 €"},{"v":59200,"d":"59,200.00 €"},{"v":195,"d":"195.00 €"},{"v":62400,"d":"62,400.00 €"},{"v":178,"d":"178.00 €"},{"v":56960,"d":"56,960.00 €"},{"v":178,"d":"178.00 €"},"Bieter C"]
["6","Fenster & Außentüren",45,"Stk",{"v":890,"d":"890.00 €"},{"v":40050,"d":"40,050.00 €"},{"v":850,"d":"850.00 €"},{"v":38250,"d":"38,250.00 €"},{"v":920,"d":"920.00 €"},{"v":41400,"d":"41,400.00 €"},{"v":850,"d":"850.00 €"},"Bieter B"]
["7","Elektroinstallation",1,"psch",{"v":64500,"d":"64,500.00 €"},{"v":64500,"d":"64,500.00 €"},{"v":61000,"d":"61,000.00 €"},{"v":61000,"d":"61,000.00 €"},{"v":68000,"d":"68,000.00 €"},{"v":68000,"d":"68,000.00 €"},{"v":61000,"d":"61,000.00 €"},"Bieter B"]
["8","Sanitär- & Heizungsinstallation",1,"psch",{"v":78000,"d":"78,000.00 €"},{"v":78000,"d":"78,000.00 €"},{"v":82000,"d":"82,000.00 €"},{"v":82000,"d":"82,000.00 €"},{"v":74500,"d":"74,500.00 €"},{"v":74500,"d":"74,500.00 €"},{"v":74500,"d":"74,500.00 €"},"Bieter C"]
["9","Innenputz & Malerarbeiten",{"v":1250,"d":"1,250"},"m²",{"v":38,"d":"38.00 €"},{"v":47500,"d":"47,500.00 €"},{"v":41,"d":"41.00 €"},{"v":51250,"d":"51,250.00 €"},{"v":36,"d":"36.00 €"},{"v":45000,"d":"45,000.00 €"},{"v":36,"d":"36.00 €"},"Bieter C"]
["10","Bodenbelagsarbeiten",640,"m²",{"v":68,"d":"68.00 €"},{"v":43520,"d":"43,520.00 €"},{"v":63,"d":"63.00 €"},{"v":40320,"d":"40,320.00 €"},{"v":71,"d":"71.00 €"},{"v":45440,"d":"45,440.00 €"},{"v":63,"d":"63.00 €"},"Bieter B"]
["Zwischensumme netto (Angebotssumme)",{"$nulls":4},{"$f":"SUM(F6:F15)","v":{"v":505470,"d":"505,470.00 €"}},null,{"$f":"SUM(H6:H15)","v":{"v":506000,"d":"506,000.00 €"}},null,{"$f":"SUM(J6:J15)","v":{"v":505010,"d":"505,010.00 €"}}]
["Nachlass / Rabatt (%)",{"$nulls":4},{"v":0.02,"d":"2%"},null,{"v":0.03,"d":"3%"},null,{"v":0,"d":"0%"}]
["abzgl. Nachlassbetrag (€)",{"$nulls":4},{"$f":"-F16*F17","v":{"v":-10109.4,"d":"-10,109.40 €"}},null,{"$f":"-H16*H17","v":{"v":-15180,"d":"-15,180.00 €"}},null,{"$f":"-J16*J17","v":{"v":0,"d":"0.00 €"}}]
["Angebotssumme netto (nach Nachlass)",{"$nulls":4},{"$f":"F16+F18","v":{"v":495360.6,"d":"495,360.60 €"}},null,{"$f":"H16+H18","v":{"v":490820,"d":"490,820.00 €"}},null,{"$f":"J16+J18","v":{"v":505010,"d":"505,010.00 €"}}]
["zzgl. MwSt. 19 %",{"$nulls":4},{"$f":"F19*0.19","v":{"v":94118.514,"d":"94,118.51 €"}},null,{"$f":"H19*0.19","v":{"v":93255.8,"d":"93,255.80 €"}},null,{"$f":"J19*0.19","v":{"v":95951.9,"d":"95,951.90 €"}}]
["ANGEBOTSSUMME BRUTTO",{"$nulls":4},{"$f":"F19+F20","v":{"v":589479.114,"d":"589,479.11 €"}},null,{"$f":"H19+H20","v":{"v":584075.8,"d":"584,075.80 €"}},null,{"$f":"J19+J20","v":{"v":600961.9,"d":"600,961.90 €"}}]

{"sheet":"Bewertung","index":2,"n_rows":14,"n_cols":7,"rows_kept":14,"merged":[[0,1,0,6],[1,1,1,6]]}
[null,"BEWERTUNG – NUTZWERTANALYSE"]
[null,"Kriterien gewichten (Summe = 100 %) und je Bieter 0–10 Punkte vergeben. Der Preis-Score wird automatisch aus dem Preisspiegel berechnet."]
[]
[null,"Kriterium","Gewichtung","Bieter A","Bieter B","Bieter C","Bewertungsmaßstab (10 Punkte = optimal)"]
[null,"Preis / Wirtschaftlichkeit",{"v":0.45,"d":"45%"},{"$f":"ROUND(10*MIN(Preisspiegel!$F$19,Preisspiegel!$H$19,Preisspiegel!$J$19)/Preisspiegel!$F$19,1)","v":9.9},{"$f":"ROUND(10*MIN(Preisspiegel!$F$19,Preisspiegel!$H$19,Preisspiegel!$J$19)/Preisspiegel!$H$19,1)","v":{"v":10,"d":"10.0"}},{"$f":"ROUND(10*MIN(Preisspiegel!$F$19,Preisspiegel!$H$19,Preisspiegel!$J$19)/Preisspiegel!$J$19,1)","v":9.7},"Günstigste Angebotssumme; Score automatisch aus Preisspiegel"]
[null,"Termin & Bauzeit",{"v":0.15,"d":"15%"},{"v":7,"d":"7.0"},{"v":9,"d":"9.0"},{"v":6,"d":"6.0"},"Kürzeste, verbindlich zugesagte Bauzeit; Termintreue"]
[null,"Qualität & Referenzen",{"v":0.2,"d":"20%"},{"v":8,"d":"8.0"},{"v":7,"d":"7.0"},{"v":9,"d":"9.0"},"Referenzobjekte, Zertifikate, Reklamationsquote"]
[null,"Technische Eignung & Ausstattung",{"v":0.1,"d":"10%"},{"v":8,"d":"8.0"},{"v":8,"d":"8.0"},{"v":7,"d":"7.0"},"Personal, Gerät, Nachweise, Kapazität"]
[null,"Zahlung & Gewährleistung",{"v":0.1,"d":"10%"},{"v":7,"d":"7.0"},{"v":6,"d":"6.0"},{"v":8,"d":"8.0"},"Zahlungsziel, Skonto, Gewährleistungsfristen"]
[null,"Summe Gewichtung",{"$f":"SUM(C5:C9)","v":{"v":1,"d":"100%"}},{"$nulls":3},{"$f":"IF(C10=1,\"✓ Gewichtung korrekt (100 %)\",\"✗ Summe muss 100 % ergeben\")","v":"✓ Gewichtung korrekt (100 %)"}]
[]
[null,"GESAMT-NUTZWERT (0–10)",null,{"$f":"SUMPRODUCT($C$5:$C$9,D5:D9)","v":{"v":8.605,"d":"8.61"}},{"$f":"SUMPRODUCT($C$5:$C$9,E5:E9)","v":8.65},{"$f":"SUMPRODUCT($C$5:$C$9,F5:F9)","v":{"v":8.565000000000001,"d":"8.57"}},"gewichtete Summe der Punkte"]
[null,"Rang",null,{"$f":"RANK(D12,$D$12:$F$12,0)","v":2},{"$f":"RANK(E12,$D$12:$F$12,0)","v":1},{"$f":"RANK(F12,$D$12:$F$12,0)","v":3},"1 = bestes Angebot"]
[null,"Empfehlung",null,{"$f":"IF(D13=1,\"✓ Empfohlen\",\"\")","v":""},{"$f":"IF(E13=1,\"✓ Empfohlen\",\"\")","v":"✓ Empfohlen"},{"$f":"IF(F13=1,\"✓ Empfohlen\",\"\")","v":""},"automatische Markierung des besten Angebots"]